|
|
|
|
| LEADER |
00000naa2a2200000 4500 |
| 001 |
218125 |
| 005 |
20231229151259.0 |
| 035 |
|
|
|a (RuTPU)RU\TPU\book\238135
|
| 090 |
|
|
|a 218125
|
| 100 |
|
|
|a 20120614d2001 k y0rusy50 ca
|
| 101 |
0 |
|
|a rus
|
| 102 |
|
|
|a RU
|
| 200 |
1 |
|
|a Постмодернизм и язык: грамматические и философские аспекты
|f И. Б. Ардашкин, А. Ю. Чмыхало
|
| 463 |
|
0 |
|0 (RuTPU)RU\TPU\book\48315
|t Межкультурная коммуникация: теория и практика
|o сборник научных трудов
|f Томский политехнический университет. Институт языковой коммуникации; под ред. Н. А. Качалова
|v С. 23-29
|d 2001
|p 417 с.
|s Труды института языковой коммуникации ; Вып. 1
|
| 610 |
1 |
|
|a труды учёных ТПУ
|
| 700 |
|
1 |
|a Ардашкин
|b И. Б.
|c философ
|c профессор Томского политехнического университета, доктор философских наук
|f 1972-
|g Игорь Борисович
|3 (RuTPU)RU\TPU\pers\25417
|9 11359
|
| 701 |
|
1 |
|a Чмыхало
|b А. Ю.
|c философ
|c доцент Томского политехнического университета, кандидат философских наук
|f 1973-
|g Александр Юрьевич
|3 (RuTPU)RU\TPU\pers\25447
|9 11389
|
| 801 |
|
1 |
|a RU
|b 63413507
|c 20120614
|
| 801 |
|
2 |
|a RU
|b 63413507
|c 20121127
|g RCR
|
| 942 |
|
|
|c BK
|